<?xml version="1.0" encoding="UTF-8"?>
<collection xmlns="http://www.loc.gov/MARC21/slim">
<record>
  <controlfield tag="001">6277</controlfield>
  <controlfield tag="005">20230131144351.0</controlfield>
  <datafield tag="037" ind1=" " ind2=" ">
    <subfield code="a">CTALK-2023-0032</subfield>
  </datafield>
  <datafield tag="100" ind1=" " ind2=" ">
    <subfield code="a">Rivoldini, Attilio</subfield>
  </datafield>
  <datafield tag="245" ind1=" " ind2=" ">
    <subfield code="a">Effect of a thermally stratified layer in the outer core of Mercury on its internally generated magnetic field</subfield>
  </datafield>
  <datafield tag="260" ind1=" " ind2=" ">
    <subfield code="c">2022</subfield>
  </datafield>
  <datafield tag="269" ind1=" " ind2=" ">
    <subfield code="c">2022-09-19</subfield>
  </datafield>
  <datafield tag="500" ind1=" " ind2=" ">
    <subfield code="a">EPSC2022-929</subfield>
  </datafield>
  <datafield tag="520" ind1=" " ind2=" ">
    <subfield code="a">The low intensity and lack of small-scale variations in Mercury’s present-day magnetic field can be explained by a thermally stratified layer blanketing the convective liquid outer core. The presence of a present-day stable layer is supported by thermal evolution studies that show that a sub-adiabatic heat flow at the core-mantle boundary can occur during a significant fraction of Mercury’s history. The requirements for both the likely long-lived Mercury dynamo and the presence of a stable layer place important constraints on the interior structure and evolution of the core and planet. We couple mantle and core thermal evolution to investigate the necessary conditions for a long-lived and present-day dynamo inside Mercury’s core by taking into account an evolving stable layer overlying the convecting outer core. Events such as the cessation of convection in the mantle may strongly influence the core-mantle boundary heat flow and affect the thickness of the thermally stratified layer in the core, highlight the importance of coupling mantle evolution with that of the core. We employ interior structure models that agree with geodesy observations and make use of recent equations of state to describe the thermodynamic properties of Mercury’s Fe-S-Si core for our thermal evolution calculations.</subfield>
  </datafield>
  <datafield tag="594" ind1=" " ind2=" ">
    <subfield code="a">NO</subfield>
  </datafield>
  <datafield tag="700" ind1=" " ind2=" ">
    <subfield code="a">Deprost , Marie-Hélène</subfield>
  </datafield>
  <datafield tag="700" ind1=" " ind2=" ">
    <subfield code="a">Zhao , Yue</subfield>
  </datafield>
  <datafield tag="700" ind1=" " ind2=" ">
    <subfield code="a">Knibbe , Jurien</subfield>
  </datafield>
  <datafield tag="700" ind1=" " ind2=" ">
    <subfield code="a">Van Hoolst, Tim</subfield>
  </datafield>
  <datafield tag="773" ind1=" " ind2=" ">
    <subfield code="t"> European Planetary Science Congress 2022, Granada, Spain</subfield>
  </datafield>
  <datafield tag="856" ind1="0" ind2=" ">
    <subfield code="f">attilio.rivoldini@observatoire.be</subfield>
  </datafield>
  <datafield tag="856" ind1="4" ind2=" ">
    <subfield code="s">3684851</subfield>
    <subfield code="u">http://publi2-as.oma.be/record/6277/files/Mercury thermal evolution.pdf</subfield>
  </datafield>
  <datafield tag="856" ind1="4" ind2=" ">
    <subfield code="s">12310</subfield>
    <subfield code="u">http://publi2-as.oma.be/record/6277/files/Mercury thermal evolution.jpg?subformat=icon-180</subfield>
    <subfield code="x">icon-180</subfield>
  </datafield>
  <datafield tag="856" ind1="4" ind2=" ">
    <subfield code="s">14841</subfield>
    <subfield code="u">http://publi2-as.oma.be/record/6277/files/Mercury thermal evolution.gif?subformat=icon</subfield>
    <subfield code="x">icon</subfield>
  </datafield>
  <datafield tag="906" ind1=" " ind2=" ">
    <subfield code="a">Contributed</subfield>
  </datafield>
  <datafield tag="980" ind1=" " ind2=" ">
    <subfield code="a">CTALKCONT</subfield>
  </datafield>
</record>
</collection>